Las 10 Provincias Españolas con el IDH más Alto - Estadísticas

Estadísticas generales
  • Esta prueba ha sido intentada 29 veces
  • La puntuación promedio es 8 de 10
Estadísticas de respuestas
IDH Provincia % Correcto
0,983 Madrid
100%
0,968 Zaragoza
92%
0,997 Guipúzcoa
83%
0,975 Salamanca
83%
0,990 Álava
79%
0,982 Navarra
79%
0,988 Vizcaya
79%
0,978 Valladolid
71%
0,972 Burgos
67%
0,963 Palencia
67%
No se encontraron pruebas coincidentes
Distribución de puntuación
Porcentaje de gente con cada puntuación
Porcentaje por número respondido
Historial de tus puntuaciones
No has intentado esta prueba.